Handbook of Crystal Growth: Thin Films and Epitaxy; A volume in Handbook of Crystal Growth

Uloženo v:
Podrobná bibliografie
Médium: Kniha
Jazyk:angličtina
Vydáno: Amsterdam: Elsevier 2015
Vydání:2nd Edition
Témata:
ISBN:9780444633040
On-line přístup: Získat plný text
Tagy: Přidat tag
Žádné tagy, Buďte první, kdo vytvoří štítek k tomuto záznamu!

MARC

LEADER 00000nam a2200000Ia 4500
003 SK-BrCVT
005 20220618111124.0
008 190110s2015 ne 000 0 eng d
020 |a 9780444633040 
035 |a CVTIDW05467 
040 |a ScienceDirect  |b slo   |c CVTI SR  |e AACR2 
041 |a eng 
044 |a ne  |c NL 
245 0 0 |a Handbook of Crystal Growth:  |h [elektronický zdroj]  |b Thin Films and Epitaxy; A volume in Handbook of Crystal Growth  |c Editors: Thomas F. Kuech 
250 |a 2nd Edition 
260 |a Amsterdam:  |b Elsevier  |c 2015 
300 |a 1382 s. 
653 |a astronomy 
653 |a physics  |a astronómia  |a fyzika 
856 |u http://hanproxy.cvtisr.sk/han/cvti-ebook-9780444633040  |y Vzdialený prístup pre registrovaných používateľov 
910 |b ZE03157 
919 |a 978-0-444-63304-0 
974 |f Elektronické zdroje 
999 |c 263747  |d 263747